000
nam a22 7a 4500
999
_c
55427
_d
55427
003
OSt
005
20220811141602.0
008
220811b xxu||||| |||| 00| 0 eng d
040
_c
IIMT UNIVERSITY
100
_a
YADAV, D.S
245
_a
SANKHIKI KI VIWAHARIK SAMASYAYEN
260
_a
MEERUT
_b
RAJHANS
_c
1974
300
_a
398
942
_2
ddc
_c
09